Assesing HP filter performance for Argentina and U.S. macro aggregates (Registro nro. 30380)
[ vista simple ]
| 000 -LEADER | |
|---|---|
| fixed length control field | 00399 a2200121 4500 |
| 001 - CONTROL NUMBER | |
| control field | ART_28133 |
| 005 - DATE AND TIME OF LATEST TRANSACTION | |
| control field | 20260410161951.0 |
| 008 - FIXED-LENGTH DATA ELEMENTS--GENERAL INFORMATION | |
| fixed length control field | 260409a |
| 100 1# - MAIN ENTRY--PERSONAL NAME | |
| Personal name | Ahumada, Hildegart |
| 245 10 - TITLE STATEMENT | |
| Title | Assesing HP filter performance for Argentina and U.S. macro aggregates |
| 700 1# - ADDED ENTRY--PERSONAL NAME | |
| Personal name | Garegnani, Lorena |
| 773 0# - HOST ITEM ENTRY | |
| Title | Journal of applied economics |
| Related parts | - Vol. 3, Nº 2 (nov. 2000) |
| Record control number | REV28044 |
No hay ítems disponibles.